00886 2200301 4500001002100000005001700021008004100038020002200079035002500101040001200126082001600138084001600154100001700170245009900187250002200286260003000308300002200338500005600360500001100416504003100427650002600458700001600484700001800500850001200518990001800530990001800548990001800566INLIS00000000001257320150923092040.0  a978-602-255-290-1 a0010-091500000001086 aYOPDYOG 2[23]a153.4 a153.4 Alb R aALBERT, Hans aRekonstruksi nalar kritisc/ Hans Albert ; penerjemah, Imam Khoiri ; penyunting, Arif Fahrudin aEd. baru, Cet. 1. aYogyakartabIrcisodc2014 a424 hlm.c; 20 cm aDiterjemahkan dari buku Treatise on Critical Reason aIndeks aBibliografi : hlm. 394-425 aPikiran dan pemikiran aImam Khoiri aArif Fahrudin aYOPDYOG a15187-PD/B.15 a15188-PD/B.15 a21650-PD/B.15